00602cam a2200217u 45000010008000000030004000080050017000120080041000290100017000700200018000870400019001050500022001240820018001461000038001642450062002022500011002642600039002753000030003146500027003446500013003719734775OSt20211124104143.0830202s1873 enka 000 0 eng  a 43035833  a9781344691468 aDLCcCarPdDLC00aRA1051b.T22 1873 a614.19bTAY/P1 aTaylor, Alfred Swaine,d1806-188004aPrinciples and practice of medical jurisprudence : Vol. 2 a2d ed. aLondon,bJ. & A. Churchill,c1873. avolume IIbillus.c22 cm. 0aMedical jurisprudence. 0aPoisons.